Cách mạng Xã hội Chủ nghĩa ở Việt Nam

Gồm một số tác phẩm tiêu biểu của ông Lê Duẩn nói về: Quan điểm, đưừng lối cách mạng XHCN ở VN của Đảng, Vai trò lãnh đạo của Đảng, vai trò của các tổ chức quần chúng trong sự nghiệp đấu tranh giải phóng dân tộc, xây dựng và bảo vệ to...

Full description

Saved in:
Bibliographic Details
Main Author: Lê, Duẩn
Format: Book
Language:Undetermined
Published: Hà Nội Sự Thật 1976
Subjects:
Tags: Add Tag
No Tags, Be the first to tag this record!
Institutions: Trung tâm Học liệu Trường Đại học Cần Thơ
LEADER 00878nam a2200181Ia 4500
001 CTU_153989
008 210402s9999 xx 000 0 und d
082 |a 335 
082 |b D502/T.2 
100 |a Lê, Duẩn 
245 0 |a Cách mạng Xã hội Chủ nghĩa ở Việt Nam 
245 0 |c Lê Duẩn 
260 |a Hà Nội 
260 |b Sự Thật 
260 |c 1976 
520 |a Gồm một số tác phẩm tiêu biểu của ông Lê Duẩn nói về: Quan điểm, đưừng lối cách mạng XHCN ở VN của Đảng, Vai trò lãnh đạo của Đảng, vai trò của các tổ chức quần chúng trong sự nghiệp đấu tranh giải phóng dân tộc, xây dựng và bảo vệ tổ Quốc. 
650 |a Socialism 
980 |a Trung tâm Học liệu Trường Đại học Cần Thơ